000 01153nam a22002417a 4500
005 20101215120844.0
008 101215t xxu||||| |||| 00| 0 mar d
010 _aMAR-20425
020 _a9788184981568
_c150.00
035 _aMR-13083
037 _bDBAD / PUB
040 _aDPL
_bMR
082 _a921
100 _aबागची,सुब्रतो
_924805
245 _aगो किस द वर्ल्ड /
_cसुब्रतो बागची ; सुनीति काणे द्वारा अनुवादित
246 _aGo Kiss the World
_bby Subroto Bagchi
260 _aपुणे
_bमेहता पब्लिशिंग हाऊस
_c2010
270 _a1941 सदाशिव पेठ,सदाशिव पेठ,,माडीवाले कॉलनी,
_bपुणे
_e411030
300 _aनऊ,180पृ
_c21सेमी(अजिल्द)
700 _aकाणे,सुब्रतो
_924824
942 _2ddc
_cMR
_k921
_mबागची
999 _c49198
_d49198